Human geography : (Record no. 22605)

MARC details
000 -LEADER
fixed length control field 01071cam a2200289 a 4500
001 - CONTROL NUMBER
control field 1655497
003 - CONTROL NUMBER IDENTIFIER
control field OSt
005 - DATE AND TIME OF LATEST TRANSACTION
control field 20211215104721.0
008 - FIXED-LENGTH DATA ELEMENTS--GENERAL INFORMATION
fixed length control field 971023s1999 mauab b 001 0 eng
010 ## - LIBRARY OF CONGRESS CONTROL NUMBER
LC control number 97045714
020 ## - INTERNATIONAL STANDARD BOOK NUMBER
International Standard Book Number 0697384977 (acidfree paper)
040 ## - CATALOGING SOURCE
Original cataloging agency DLC
Transcribing agency HU
Modifying agency DLC
050 00 - LIBRARY OF CONGRESS CALL NUMBER
Classification number GF41
Item number .F44 1999
082 00 - DEWEY DECIMAL CLASSIFICATION NUMBER
Classification number 304.2 FEL 1999
Edition number 21
100 1# - MAIN ENTRY--PERSONAL NAME
Personal name Fellmann, Jerome Donald,
Dates associated with a name 1926-
9 (RLIN) 23024
245 10 - TITLE STATEMENT
Title Human geography :
Remainder of title landscapes of human activities /
Statement of responsibility, etc. Jerome D. Fellmann, Arthur Getis, Judith Getis.
250 ## - EDITION STATEMENT
Edition statement 6th ed.
260 ## - PUBLICATION, DISTRIBUTION, ETC.
Place of publication, distribution, etc. Boston, Mass. :
Name of publisher, distributor, etc. WCB/McGraw-Hill,
Date of publication, distribution, etc. c1999.
300 ## - PHYSICAL DESCRIPTION
Extent x, 566 p. :
Other physical details ill. (some col.), maps (some col.) ;
Dimensions 28 cm.
504 ## - BIBLIOGRAPHY, ETC. NOTE
Bibliography, etc. note Includes bibliographical references and index.
650 #0 - SUBJECT ADDED ENTRY--TOPICAL TERM
Topical term or geographic name entry element Human geography.
9 (RLIN) 12129
700 1# - ADDED ENTRY--PERSONAL NAME
Personal name Getis, Arthur,
Dates associated with a name 1934-
9 (RLIN) 23025
700 1# - ADDED ENTRY--PERSONAL NAME
Personal name Getis, Judith,
Dates associated with a name 1938-
9 (RLIN) 23026
906 ## - LOCAL DATA ELEMENT F, LDF (RLIN)
a 7
b cbc
c orignew
d 1
e ocip
f 19
g y-gencatlg
942 ## - ADDED ENTRY ELEMENTS (KOHA)
Source of classification or shelving scheme Dewey Decimal Classification
Koha item type Books like text book referance book
Suppress in OPAC No

No items available.